LEADER 01213nam a2200217 i 4500 001 000000194511 003 CaOOAMICUS 005 20101117000000.0 008 101117s1997 it u000 u ita u 013 $a173170 040 $aSeMil$bita 245 10$a«Se non fossi tuo, mio Cristo, mi sentirei creatura finita» :$bAppunti dall'intervento di Luigi Giussani all'Assemblea Internazionale Responsabili di Comunione e Liberazione, La Thuile, 17 agosto 1997. 260 $a[S.l. :$bs.n.],$c1997$e(Milano :$fArti Grafiche Fiorin,$g1997) 300 $a46 p. ;$c21 cm. 500 $aSupplemento al periodico "Litterae Communionis-Tracce" n.8 sett. 1997. 650 4$aGiussani, Luigi - Interviste.$0(OLS)http://semarc/subject/14956 850 $aSeMil 852 $aSeMil$W1$xVenegono$y1$m5A XII 4/26$j145085$B145085$CSeMilBibl$Z2$F156538 $81 961 $aOmaggio: Altro 996 $6245$a«Se non fossi tuo, mio Cristo, mi sentirei creatura finita» :$bAppunti dall'intervento di Luigi Giussani all'Assemblea Internazionale Responsabili di Comunione e Liberazione, La Thuile, 17 agosto 1997$9(OLS)http://semarc/title/280480 996 $6260$a[S.l. :$bs.n.]$9(OLS)http://semarc/publisher/29751 LEADER 01058nam a2200253 i 4500 001 000000118787 003 CaOOAMICUS 005 20050503000000.0 008 050503s1979 it u000 u ita u 013 $a91480 040 $aSeMil$bita 100 1 $aVerga, Giovanni,$d<1840-1922>.$0(OLS)http://semarc/name/3542 245 10$aRacconti milanesi /$cGiovanni Verga ; presentazione di Edoardo Sanguineti. 260 $aRocca San Casciano :$bCappelli,$ccopyr. 1979. 300 $a175 p. ;$c19 cm. 490 0 $aIl calendario ;$v1 650 4$aLetteratura dialettale - Milano.$0(OLS)http://semarc/subject/26609 700 1 $aSanguineti, Edoardo <1930-2010>.$0(OLS)http://semarc/name/13332 830 3$aIl calendario ;$v1.$0(OLS)http://semarc/title/11819 850 $aSeMil 852 $aSeMil$W1$xVenegono$y1$m1B II 73$j74053$B74053$CSeMilBibl$Z2$F96913 $81 961 $aOmaggio: Poma mons. Gianfranco 996 $6245$aRacconti milanesi$9(OLS)http://semarc/title/174506 996 $6260$aRocca San Casciano :$bCappelli$9(OLS)http://semarc/publisher/32150